| 000 | 00828nac a22002537a 4500 | ||
|---|---|---|---|
| 001 | BR5600130 | ||
| 003 | BR-BrBNA | ||
| 005 | 20240105112918.0 | ||
| 008 | 230509b bl.|||m| |||| 00| 0 por d | ||
| 040 |
_aBR-BrBNA _bpor _cBiblioteca Nacional de Agricultura |
||
| 072 | _aL05 | ||
| 090 | _aL05 BR5600130 | ||
| 100 | 1 | _aOrsted, H.C. | |
| 110 | 1 |
_aMuseu Nacional, Rio de Janeiro, GB (Brasil) _97645 |
|
| 245 | 1 | _aResumo de memorias de Lund sobre as cavernas de Lagoa Santa e seu conteudo animal [Planalto Central; Brasil] | |
| 260 | 3 |
_aRio de Janeiro, GB (Brasil): _c1956. |
|
| 300 | _a14 p. | ||
| 490 |
_aPublicacoes Avulsas - Museu Nacional (Brazil) _vno. 16 _x |
||
| 650 | _aCiencia animal | ||
| 650 | _aPaleontologia | ||
| 650 | _aFauna | ||
| 909 |
_a202312 _bLúcia Elande _c55 _dLúcia Elande |
||
| 942 |
_2AGRIS _n0 _cMS |
||
| 999 |
_c260901 _d260901 |
||